| 000 | 00370nam a2200145Ia 4500 | ||
|---|---|---|---|
| 005 | 20241114012935.0 | ||
| 008 | 240331s9999 xx 000 0 und d | ||
| 082 |
_bSEN _a823 |
||
| 100 | _aSeneviratne,M | ||
| 245 | 4 | _aThe fleeting moment | |
| 260 |
_aColombo _bSwastika Private Limited _c1986 |
||
| 300 | _a56 p ., | ||
| 500 | _aA Collection Of Short Stories | ||
| 942 | _cL | ||
| 999 |
_c5009 _d5009 |
||